| 000 | 01135nam a22003611i 4500 | ||
|---|---|---|---|
| 001 | 60643 | ||
| 003 | CO-BoRNBP | ||
| 005 | 20260306161401.0 | ||
| 007 | ta | ||
| 008 | 900514s1980 sp spa | ||
| 017 |
_aB 37533-1980 _bOficina Depósito Legal Barcelona |
||
| 020 | _a8470801198 | ||
| 040 |
_aIBH _bspa _cSpMaBN _erdc |
||
| 041 | 1 |
_aspa _hfre |
|
| 080 | _a087.5:840-311.3"18" | ||
| 084 | _aN VER2 | ||
| 100 | 1 |
_aVerne, Jules _d1828-1905 _966217 |
|
| 240 | 1 | 4 | _aLes forceurs de blocus |
| 245 | 1 | 0 |
_aDe Glasgow a Charleston _h[Texto impreso] _cJulio Verne ; [traducción de J. Ohadors] |
| 250 | _a2ª ed | ||
| 300 |
_a119 p. _bil. _c18 cm |
||
| 336 |
_2rdacontent _atexto _btxt |
||
| 337 |
_2rdamedia _asin mediación _bn |
||
| 338 |
_2rdacarrier _avolumen _bnc |
||
| 490 | 0 |
_aMoby Dick : Serie Biblioteca de Bolsillo Junior _v70 |
|
| 650 | _2LEMB | ||
| 700 | 1 |
_aOhadors, J. _969323 |
|
| 942 |
_2ddc _cBK |
||
| 956 | _a1 2 | ||
| 980 |
_aSpMaBN _bBNMADRID _j9/84305 _cSG_RECOLET |
||
| 980 |
_aB 37533-1980 _a84-7080-119-8 _aSpMaBN _bBNALCALA _jDL/146853 _cCONSERVACI |
||
| 980 |
_aSpMaBN _bBNALCALA _jDL/505750 _cCONSERVACI |
||
| 999 |
_c60643 _d60643 |
||